000 00264nam a22001217a 4500
008 170817b xxu||||| |||| 00| 0 eng d
041 _aeng
080 _a51
100 _a36
101 _amat
245 _aset theory metric
_cKAPLANSKY.I
942 _2udc
_cBK
999 _c24002
_d24002